| 000 | 00589nam a2200157 a 4500 | ||
|---|---|---|---|
| 020 | _a9251032505 | ||
| 040 | _cTxDa | ||
| 082 | 0 | 0 | _a630 FOO 1992 A053 Or. |
| 245 | 0 | 0 |
_aInstitutionalization of a farming systems approach to development : _bproceedings of technical discussions, Rome, 15-17 October 1991. |
| 260 |
_aRome : _bFood and Agriculture Organization of the United Nations, _c1992, c1993. |
||
| 300 |
_a1, 333 p : _bill. ; _c30 cm. |
||
| 650 | 0 | _aAgricultural systems | |
| 650 | 0 | _aFarm management | |
| 710 | 2 | _aFood and Agriculture Organization of the United Nations. | |
| 942 | _cEK | ||
| 999 |
_c14892 _d14892 |
||